[Event "ROM-ch"]
[Site "Targu Mures"]
[Date "2014.05.02"]
[Round "9"]
[White "Ciortan, Mihail"]
[Black "Acsinte, Matei Ionut"]
[Result "0-1"]
[WhiteElo "1741"]
[BlackElo "2095"]
[PlyCount "101"]
[EventDate "2014.04.26"]
[EventType "swiss"]
[EventRounds "11"]
[EventCountry "ROU"]
[SourceTitle "CBM 160 Extra"]
[Source "ChessBase"]
[SourceDate "2014.07.01"]
[SourceVersion "1"]
[SourceVersionDate "2014.07.01"]
[SourceQuality "1"]

1. b3 d5 2. Bb2 e6 3. e3 Nf6 4. Nf3 Bd6 5. d4 b6 6. Bd3 Bb7 7. Nbd2 c5 8. Qe2 Nc6 9. 0-0-0 0-0 10. e4 Be7 11. e5 Nd7 12. h4 g6 13. g4 Nb4 14. a3 Nxd3+ 15. Qxd3 Rc8 16. Kb1 cxd4 17. Qxd4 Qc7 18. Rc1 Nc5 19. Qf4 Ne4 20. Qh6 Nxd2+ 21. Nxd2 Rfd8 22. h5 Bf8 23. Qf4 d4 24. f3 Bg7 25. hxg6 hxg6 26. Bxd4 Rxd4 27. Qxd4 Bxe5 28. Qc4 Qd6 29. Qb4 Qxb4 30. axb4 Bf4 31. Rcd1 Bxd2 32. Rxd2 Bxf3 33. Rg1 e5 34. Rd3 e4 35. Re3 f6 36. Rg3 Kg7 37. Rgxf3 exf3 38. Rxf3 Re8 39. c4 Re4 40. Rg3 Re5 41. Rc3 Kf7 42. c5 Ke7 43. Kc2 Re4 44. cxb6 axb6 45. Rc4 Re3 46. Rc6 Re6 47. Rc4 Re3 48. b5 Rg3 49. Rc6 Rxg4 50. Rxb6 Re4 51. Ra6 0-1

[Event "ROM-ch"]
[Site "Targu Mures"]
[Date "2014.04.29"]
[Round "5"]
[White "Ciortan, Mihail"]
[Black "Ambru, Dan Calin"]
[Result "0-1"]
[WhiteElo "1741"]
[BlackElo "1964"]
[PlyCount "42"]
[EventDate "2014.04.26"]
[EventType "swiss"]
[EventRounds "11"]
[EventCountry "ROU"]
[SourceTitle "CBM 160 Extra"]
[Source "ChessBase"]
[SourceDate "2014.07.01"]
[SourceVersion "1"]
[SourceVersionDate "2014.07.01"]
[SourceQuality "1"]

1. b3 d5 2. Bb2 Bg4 3. f3 Bh5 4. e3 e6 5. d4 Bd6 6. Bd3 Qh4+ 7. Kf1 f5 8. Bc3 Nd7 9. Bd2 Nh6 10. Qe1 Qf6 11. c3 e5 12. Qf2 0-0 13. h3 e4 14. Be2 f4 15. Bd1 fxe3 16. Bxe3 Nf5 17. Ne2 exf3 18. gxf3 Bxf3 19. Rg1 Nxe3+ 20. Qxe3 Bxe2+ 21. Kxe2 Rae8 0-1

[Event "World Amateur-ch"]
[Site "Iasi"]
[Date "2013.04.27"]
[Round "6"]
[White "Boboc, Thea Elena"]
[Black "Ciortan, Mihail"]
[Result "0-1"]
[WhiteElo "1321"]
[BlackElo "1739"]
[PlyCount "84"]
[EventDate "2013.04.22"]
[EventType "swiss"]
[EventRounds "9"]
[EventCountry "ROU"]
[SourceTitle "CBM 154 Extra"]
[Source "ChessBase"]
[SourceDate "2013.06.25"]
[SourceVersion "2"]
[SourceVersionDate "2013.06.25"]
[SourceQuality "1"]

1. d4 d6 2. c4 f5 3. Nc3 Nf6 4. e3 c6 5. Bd3 g6 6. e4 fxe4 7. Nxe4 Bg7 8. Nxf6+ exf6 9. Nf3 Bg4 10. 0-0 0-0 11. h3 Bxf3 12. Qxf3 Na6 13. a3 Nc7 14. b4 Qd7 15. c5 d5 16. Bb2 Ne6 17. Qe3 Rfe8 18. Bc2 Nxc5 19. Qd2 Ne4 20. Qd3 Nd6 21. Rae1 Rxe1 22. Rxe1 Re8 23. Rxe8+ Qxe8 24. Qe3 Qxe3 25. fxe3 Nc4 26. Bc1 Bf8 27. Bb3 Kf7 28. e4 Ke6 29. Bxc4 dxc4 30. Bb2 f5 31. exf5+ Kxf5 32. Kf1 Ke4 33. Ke2 Bg7 34. g4 Bxd4 35. Bxd4 Kxd4 36. Kd2 c3+ 37. Kc2 Kc4 38. g5 b5 39. h4 Kd4 40. Kc1 Kd3 41. Kd1 c2+ 42. Kc1 a6 0-1

[Event "ROM-ch"]
[Site "Baile Olanesti"]
[Date "2013.02.21"]
[Round "8"]
[White "Ciortan, Mihail"]
[Black "Toma, Mihail"]
[Result "0-1"]
[WhiteElo "1708"]
[BlackElo "1908"]
[PlyCount "129"]
[EventDate "2013.02.16"]
[EventType "swiss"]
[EventRounds "11"]
[EventCountry "ROU"]
[SourceTitle "CBM 153 Extra"]
[Source "ChessBase"]
[SourceDate "2013.04.22"]
[SourceVersion "1"]
[SourceVersionDate "2013.04.22"]
[SourceQuality "1"]

1. b3 Nf6 2. Bb2 d6 3. g3 e5 4. Bg2 Be7 5. e4 Nc6 6. Ne2 Bg4 7. f3 Be6 8. d4 exd4 9. Nxd4 Nxd4 10. Bxd4 c5 11. Bb2 Qc7 12. c4 0-0 13. 0-0 a6 14. Nc3 Rab8 15. a4 b6 16. Re1 Rfd8 17. Qc2 Bf8 18. Rad1 Nd7 19. Bf1 Ne5 20. Qf2 Qc8 21. Rd2 Rb7 22. Nd1 b5 23. Bxe5 dxe5 24. Nc3 bxc4 25. bxc4 Rb4 26. Nd5 Bxd5 27. exd5 Bd6 28. Ra2 a5 29. Bd3 Qd7 30. Qc2 g6 31. Rb1 Rdb8 32. Rxb4 cxb4 33. Qb3 Bc5+ 34. Kg2 Kg7 35. Re2 Qd6 36. Bc2 h5 37. Qd3 f5 38. Bb3 Rf8 39. Bc2 Qf6 40. Qd2 Bd4 41. Qd3 h4 42. Qd2 hxg3 43. hxg3 Rh8 44. f4 e4 45. Qd1 Bc5 46. Bb3 Rh5 47. Re1 Kf8 48. Rh1 Rxh1 49. Kxh1 Ke7 50. Kg2 Kd6 51. Qd2 e3 52. Qc2 Qa1 53. Qd1 Qc3 54. Kf1 Qf6 55. Ke2 Qg7 56. Kf3 Qb2 57. Qc2 Qf6 58. Qd3 g5 59. Bc2 g4+ 60. Kg2 Qh6 61. Qe2 Qh3+ 62. Kg1 Qxg3+ 63. Kf1 Qxf4+ 64. Kg2 b3 65. Bxb3 0-1

[Event "ROM-ch"]
[Site "Baile Olanesti"]
[Date "2013.02.18"]
[Round "4"]
[White "Ciortan, Mihail"]
[Black "Patrascu, Catalin Lucian"]
[Result "0-1"]
[WhiteElo "1708"]
[BlackElo "1937"]
[PlyCount "127"]
[EventDate "2013.02.16"]
[EventType "swiss"]
[EventRounds "11"]
[EventCountry "ROU"]
[SourceTitle "CBM 153 Extra"]
[Source "ChessBase"]
[SourceDate "2013.04.22"]
[SourceVersion "1"]
[SourceVersionDate "2013.04.22"]
[SourceQuality "1"]

1. b3 e5 2. Bb2 Nc6 3. c4 Bc5 4. Nc3 Nf6 5. g3 d5 6. cxd5 Nxd5 7. Bg2 Be6 8. d3 Qd7 9. Qd2 f6 10. Nf3 0-0-0 11. 0-0-0 Bxf2 12. Nxd5 Qxd5 13. Kb1 Bb6 14. Ne1 Qd6 15. Rc1 Bd5 16. Bh3+ Kb8 17. Rf1 Rhe8 18. e3 Be4 19. Rd1 Qc5 20. Bc1 Bg6 21. Bf5 Bxf5 22. Rxf5 Ne7 23. Rf3 Nd5 24. Kb2 Ba5 25. Qc2 Bc3+ 26. Kb1 Nb4 27. Qe2 Bxe1 28. Rxe1 Nxd3 29. Rd1 e4 30. Rff1 Nxc1 31. Rxc1 Qe5 32. Rcd1 a6 33. Qc4 c6 34. Qf7 Qc7 35. Rxd8+ Rxd8 36. Qe6 Qd6 37. Qxe4 Qd3+ 38. Qxd3 Rxd3 39. Re1 Rd2 40. h4 Rg2 41. e4 Rxg3 42. e5 fxe5 43. Rxe5 h6 44. h5 Ka7 45. Kc2 Rg2+ 46. Kb1 Kb6 47. Rf5 Rg5 48. Rxg5 hxg5 49. Kc2 Kc5 50. Kd3 Kd5 51. Ke3 Ke5 52. Kf3 Kf5 53. a4 b5 54. axb5 axb5 55. b4 g4+ 56. Kg3 Kg5 57. Kg2 Kxh5 58. Kg3 Kg5 59. Kg2 Kf4 60. Kf2 g3+ 61. Kg2 Kg4 62. Kg1 Kf3 63. Kf1 g2+ 64. Kg1 0-1

[Event "ROM-ch"]
[Site "Sarata Monteoru"]
[Date "2012.02.20"]
[Round "10"]
[White "Pribeanu, Mihai Dacian"]
[Black "Ciortan, Mihail"]
[Result "1-0"]
[WhiteElo "2186"]
[BlackElo "1721"]
[PlyCount "85"]
[EventDate "2012.02.13"]
[EventType "swiss"]
[EventRounds "11"]
[EventCountry "ROU"]
[SourceTitle "CBM 147 Extra"]
[Source "ChessBase"]
[SourceDate "2012.04.24"]
[SourceVersion "1"]
[SourceVersionDate "2012.04.24"]
[SourceQuality "1"]

1. e4 d6 2. d4 Nf6 3. Nc3 e5 4. Nf3 Nbd7 5. Bc4 h6 6. 0-0 c6 7. a4 Be7 8. h3 Qc7 9. b3 Nf8 10. dxe5 dxe5 11. Nh4 g5 12. Nf5 Ng6 13. Qf3 Nf4 14. Nxe7 Qxe7 15. Ba3 Qc7 16. Rfd1 g4 17. Qg3 N6h5 18. Nb5 cxb5 19. Bxb5+ Bd7 20. Rxd7 Ne2+ 21. Kh2 Nhxg3 22. Rxc7+ Kd8 23. Rd7+ Kc8 24. fxg3 Nd4 25. Rxf7 a6 26. Bd7+ Kb8 27. Bd6+ Ka7 28. Bxe5 Rhg8 29. Bxd4+ Kb8 30. Bxg4 a5 31. Raf1 Ra6 32. Rf8+ Rxf8 33. Rxf8+ Kc7 34. Be5+ Kc6 35. Rf6+ Kc5 36. Rxa6 bxa6 37. Bc3 Kd6 38. e5+ Ke7 39. Bxa5 h5 40. Bf5 Ke8 41. e6 h4 42. Bb4 hxg3+ 43. Kxg3 1-0

[Event "ROM-ch"]
[Site "Sarata Monteoru"]
[Date "2012.02.19"]
[Round "9"]
[White "Ciortan, Mihail"]
[Black "Rusa, Antonio"]
[Result "1-0"]
[WhiteElo "1721"]
[BlackElo "1902"]
[PlyCount "91"]
[EventDate "2012.02.13"]
[EventType "swiss"]
[EventRounds "11"]
[EventCountry "ROU"]
[SourceTitle "CBM 147 Extra"]
[Source "ChessBase"]
[SourceDate "2012.04.24"]
[SourceVersion "1"]
[SourceVersionDate "2012.04.24"]
[SourceQuality "1"]

1. b3 Nf6 2. Bb2 e6 3. Nf3 d5 4. e3 c5 5. Bb5+ Bd7 6. Qe2 a6 7. Bxd7+ Nbxd7 8. 0-0 Bd6 9. d4 Ne4 10. dxc5 Bxc5 11. Bxg7 Rg8 12. Bd4 Bd6 13. Nbd2 e5 14. Bb2 Nxd2 15. Nxd2 e4 16. f4 Qh4 17. c4 f5 18. cxd5 Nf6 19. Bxf6 Qxf6 20. Nc4 Bc5 21. Rac1 Qg7 22. g3 Rd8 23. Rfd1 Be7 24. Qh5+ Qg6 25. Qxg6+ Rxg6 26. Ne5 Rgd6 27. Rc7 Rxd5 28. Rxd5 Rxd5 29. Rxb7 Rd1+ 30. Kg2 Rd2+ 31. Kh3 Rxa2 32. Rb8+ Bd8 33. Nc6 Rd2 34. Rxd8+ Rxd8 35. Nxd8 Kxd8 36. g4 Ke7 37. gxf5 Kf7 38. Kh4 Kf6 39. Kg4 a5 40. h3 h6 41. Kh5 Kxf5 42. Kxh6 Kf6 43. Kh5 Kf5 44. Kh4 Kg6 45. Kg4 Kf6 46. h4 1-0

[Event "ROM-ch op"]
[Site "Sarata Monteoru"]
[Date "2011.02.16"]
[Round "6"]
[White "Toma, Mihail"]
[Black "Ciortan, Mihail"]
[Result "1-0"]
[WhiteElo "1945"]
[BlackElo "1757"]
[PlyCount "55"]
[EventDate "2011.02.12"]
[EventType "swiss"]
[EventRounds "11"]
[EventCountry "ROU"]
[SourceTitle "EXT 2013"]
[Source "ChessBase"]
[SourceDate "2012.11.22"]
[SourceVersion "1"]
[SourceVersionDate "2012.11.22"]
[SourceQuality "1"]

1. d4 d6 2. Nf3 f5 3. Bg5 Nf6 4. h4 h5 5. e3 Nc6 6. Nc3 g6 7. Bc4 Bg7 8. a3 e6 9. Ne2 Qe7 10. Nf4 Qf7 11. c3 d5 12. Bb5 Ne4 13. Nd3 0-0 14. Bf4 Nd6 15. Ng5 Qe7 16. Bxc6 bxc6 17. f3 Bd7 18. Ne5 Bxe5 19. Bxe5 Rfc8 20. Qc2 Nf7 21. Nxf7 Kxf7 22. g4 c5 23. gxh5 gxh5 24. f4 c4 25. Qe2 Kg6 26. Rg1+ Kh6 27. Rg5 Rg8 28. Qxh5# 1-0

[Event "ROM-ch op"]
[Site "Sarata Monteoru"]
[Date "2011.02.13"]
[Round "2"]
[White "Morea, Georgiana Steluta"]
[Black "Ciortan, Mihail"]
[Result "1-0"]
[WhiteElo "1900"]
[BlackElo "1757"]
[PlyCount "155"]
[EventDate "2011.02.12"]
[EventType "swiss"]
[EventRounds "11"]
[EventCountry "ROU"]
[SourceTitle "EXT 2013"]
[Source "ChessBase"]
[SourceDate "2012.11.22"]
[SourceVersion "1"]
[SourceVersionDate "2012.11.22"]
[SourceQuality "1"]

1. c4 d6 2. Nc3 f5 3. g3 Nf6 4. Bg2 g6 5. Nf3 Bg7 6. d3 c6 7. 0-0 0-0 8. Rb1 Na6 9. b4 Nc7 10. Qb3 Bd7 11. a4 a6 12. a5 Rb8 13. Na4 Na8 14. h3 Qe8 15. Nc3 Nc7 16. e3 h6 17. Ba3 Qf7 18. Na4 Na8 19. Rfc1 Rfc8 20. Bb2 Nh7 21. d4 Nf8 22. Bc3 Bf6 23. Ba1 Nh7 24. Kh2 Kg7 25. Nd2 Be6 26. Qd3 Nf8 27. Qa3 d5 28. Nc5 dxc4 29. Nxe6+ Qxe6 30. Nxc4 Nc7 31. Re1 Rd8 32. Rbd1 Nd5 33. Qb3 Qf7 34. e4 fxe4 35. Bxe4 Nd7 36. Bg2 Nf8 37. Re2 Rd7 38. Rde1 Rbd8 39. Ne5 Bxe5 40. Rxe5 g5 41. Qb1 Ng6 42. Rf5 Qg8 43. Be4 Rf8 44. Bb2 Rxf5 45. Bxf5 Rd6 46. Kg1 Qf7 47. Qe4 Rf6 48. Be6 Qf8 49. Bxd5 cxd5 50. Qxd5 Rxf2 51. Ba1 Qf3 52. Qxf3 Rxf3 53. Kg2 Rb3 54. Re4 Kf7 55. d5 Ra3 56. Bd4 Rb3 57. Bc5 Rd3 58. Rd4 Rb3 59. Re4 Rd3 60. Rd4 Rb3 61. Rd2 Kg7 62. d6 exd6 63. Rxd6 Rb2+ 64. Kf1 Rb3 65. Bd4+ Kf7 66. Rf6+ Ke7 67. Rxg6 Rxb4 68. Bc5+ Kd7 69. Bxb4 Kc7 70. Ke2 Kb8 71. Kd3 Ka7 72. Bc5+ Kb8 73. Bb6 Kc8 74. Rg7 h5 75. Kd4 h4 76. Kd5 hxg3 77. Kd6 g2 78. Rg8# 1-0

[Event "ROM-ch"]
[Site "Amara"]
[Date "2007.02.18"]
[Round "4"]
[White "Voiculescu, Florin"]
[Black "Ciortan, Mihail"]
[Result "1/2-1/2"]
[WhiteElo "1956"]
[BlackElo "1878"]
[PlyCount "24"]
[EventDate "2007.02.16"]
[EventType "swiss"]
[EventRounds "9"]
[EventCountry "ROU"]
[SourceTitle "CBM 117 Extra"]
[Source "ChessBase"]
[SourceDate "2007.05.09"]
[SourceVersion "1"]
[SourceVersionDate "2007.05.09"]
[SourceQuality "1"]

1. d4 d6 2. Nf3 f5 3. c4 Nf6 4. Nc3 c6 5. g3 g6 6. Bg2 Bg7 7. 0-0 0-0 8. Re1 Na6 9. Bg5 Nc7 10. Qd2 Be6 11. b3 d5 12. c5 Kh8 1/2-1/2

[Event "ROM-ch"]
[Site "Amara"]
[Date "2007.02.16"]
[Round "1"]
[White "Ciortan, Mihail"]
[Black "Dobre, Claudiu Cristian"]
[Result "0-1"]
[WhiteElo "1878"]
[BlackElo "2251"]
[PlyCount "66"]
[EventDate "2007.02.16"]
[EventType "swiss"]
[EventRounds "9"]
[EventCountry "ROU"]
[SourceTitle "CBM 117 Extra"]
[Source "ChessBase"]
[SourceDate "2007.05.09"]
[SourceVersion "1"]
[SourceVersionDate "2007.05.09"]
[SourceQuality "1"]

1. b3 e5 2. Bb2 Nc6 3. c4 Nf6 4. Nf3 Bc5 5. e3 e4 6. Nd4 Bxd4 7. Bxd4 Nxd4 8. exd4 d5 9. c5 h5 10. Be2 h4 11. h3 g6 12. Na3 Nh5 13. Nc2 Nf4 14. Ne3 Qf6 15. d3 Qxd4 16. dxe4 Qxe4 17. Bf3 Qb4+ 18. Qd2 Qxd2+ 19. Kxd2 c6 20. Rae1 0-0 21. Ng4 Bxg4 22. hxg4 g5 23. g3 Ng6 24. gxh4 Nxh4 25. Bd1 Rfe8 26. Rxe8+ Rxe8 27. f4 f6 28. fxg5 fxg5 29. Rf1 Kg7 30. Rf2 Re4 31. Be2 Rf4 32. Ke3 d4+ 33. Kd3 Rxf2 0-1

[Event "Petre Seimeanu Memorial"]
[Site "Romania"]
[Date "2002.12.07"]
[Round "8"]
[White "Teodorescu, Anca"]
[Black "Ciortan, Mihail"]
[Result "1-0"]
[WhiteElo "2089"]
[BlackElo "2005"]
[PlyCount "71"]
[EventDate "2002.11.30"]
[EventType "swiss"]
[EventRounds "9"]
[EventCountry "ROU"]
[SourceTitle "EXT 2008"]
[Source "ChessBase"]
[SourceDate "2007.11.25"]
[SourceVersion "1"]
[SourceVersionDate "2007.11.25"]
[SourceQuality "1"]

1. e4 d5 2. exd5 Nf6 3. Nc3 Nxd5 4. Nxd5 Qxd5 5. d4 Nc6 6. Nf3 Bg4 7. Be2 0-0-0 8. Be3 e5 9. c4 Qe4 10. Ng5 Bxe2 11. Qxe2 Qxg2 12. 0-0-0 exd4 13. Rdg1 d3 14. Qd2 Bb4 15. Qd1 Qxh1 16. Rxh1 Ne5 17. a3 Be7 18. Qa4 a6 19. Rd1 h6 20. Ne4 Nf3 21. Bf4 g5 22. Nd2 Nd4 23. Bg3 f5 24. Be5 Ne2+ 25. Kb1 Rhe8 26. Qa5 Rd7 27. Nf3 Bd8 28. Bc3 c6 29. Qxf5 Nxc3+ 30. bxc3 Kc7 31. Rxd3 Rde7 32. c5 Kb8 33. Rd7 Rxd7 34. Qxd7 Rf8 35. Qd6+ Ka7 36. Qxf8 1-0

[Event "Petre Seimeanu Memorial"]
[Site "Romania"]
[Date "2002.12.03"]
[Round "4"]
[White "Sava, Christiansen"]
[Black "Ciortan, Mihail"]
[Result "1/2-1/2"]
[WhiteElo "2273"]
[BlackElo "2005"]
[PlyCount "104"]
[EventDate "2002.11.30"]
[EventType "swiss"]
[EventRounds "9"]
[EventCountry "ROU"]
[SourceTitle "EXT 2008"]
[Source "ChessBase"]
[SourceDate "2007.11.25"]
[SourceVersion "1"]
[SourceVersionDate "2007.11.25"]
[SourceQuality "1"]

1. d4 f5 2. g4 d6 3. Nc3 e5 4. dxe5 dxe5 5. Qxd8+ Kxd8 6. Bg5+ Be7 7. 0-0-0+ Nd7 8. Bxe7+ Nxe7 9. gxf5 Nxf5 10. Nf3 Re8 11. Bh3 g6 12. Nd5 c6 13. Nf6 Re7 14. e4 Nd4 15. Nxd4 exd4 16. Rxd4 Kc7 17. Nxd7 Bxd7 18. Bxd7 Rxd7 19. Rhd1 Rxd4 20. Rxd4 Rf8 21. Rd2 Rf4 22. Re2 Kd6 23. e5+ Ke6 24. Kd2 Rf5 25. Kd3 Rxe5 26. Rxe5+ Kxe5 27. Ke3 h6 28. f3 b6 29. h3 Kf6 30. Kf4 Ke6 31. Ke4 Kf6 32. f4 Ke6 33. h4 Kf6 34. c3 Ke6 35. b3 Kf6 36. a3 Ke6 37. a4 Kf6 38. b4 a6 39. c4 Ke6 40. h5 gxh5 41. f5+ Ke7 42. b5 cxb5 43. a5 bxa5 44. c5 a4 45. c6 a3 46. f6+ Kf7 47. c7 a2 48. c8Q a1Q 49. Qd7+ Kxf6 50. Qf5+ Kg7 51. Qd7+ Kg6 52. Qf5+ Kg7 1/2-1/2

[Event "Martisor Cup op"]
[Site "Bucharest"]
[Date "2002.03.05"]
[Round "7"]
[White "Ciortan, Mihail"]
[Black "Draica, Iulia"]
[Result "1/2-1/2"]
[WhiteElo "2018"]
[BlackElo "2014"]
[PlyCount "80"]
[EventDate "2002.03.01"]
[EventType "swiss"]
[EventRounds "9"]
[EventCountry "ROU"]
[SourceTitle "CBM 087 Extra"]
[Source "ChessBase"]
[SourceDate "2002.05.03"]
[SourceVersion "2"]
[SourceVersionDate "2002.08.09"]
[SourceQuality "1"]

1. d4 Nf6 2. c4 g6 3. Nc3 Bg7 4. e4 d6 5. Nf3 0-0 6. Be2 e5 7. dxe5 dxe5 8. Qxd8 Rxd8 9. Bg5 Re8 10. Rd1 Na6 11. h3 c6 12. 0-0 Nc5 13. Nd2 Ne6 14. Be3 b6 15. Ndb1 Bb7 16. Rd2 Bf8 17. Rfd1 Bc5 18. Bxc5 Nxc5 19. f3 Ne6 20. Kf2 Nd4 21. Bd3 c5 22. Nd5 Nxd5 23. cxd5 b5 24. b3 Rec8 25. Na3 a6 26. Rc1 Kf8 27. Nc2 Ke7 28. Nxd4 cxd4 29. Rdc2 Rxc2+ 30. Rxc2 Rc8 31. Rxc8 Bxc8 32. b4 Bd7 33. g4 g5 34. Ke2 Kd6 35. Kd2 f6 36. Kc2 h6 37. Kb3 Be8 38. a3 Bd7 39. Kc2 Be8 40. Kb3 Bd7 1/2-1/2

[Event "ROM-ch sf"]
[Site "Sovata"]
[Date "2001.03.12"]
[Round "3"]
[White "Filip, Lucian Ioan"]
[Black "Ciortan, Mihail"]
[Result "1-0"]
[WhiteElo "2295"]
[BlackElo "2065"]
[PlyCount "79"]
[EventDate "2001.03.10"]
[EventType "swiss"]
[EventRounds "11"]
[EventCountry "ROU"]
[SourceTitle "EXT 2008"]
[Source "ChessBase"]
[SourceDate "2007.11.25"]
[SourceVersion "1"]
[SourceVersionDate "2007.11.25"]
[SourceQuality "1"]

1. d4 f5 2. c4 Nf6 3. Nc3 g6 4. g3 Bg7 5. Bg2 0-0 6. Nf3 d6 7. 0-0 c6 8. d5 cxd5 9. cxd5 Nbd7 10. Rb1 a5 11. a3 Nc5 12. b4 axb4 13. axb4 Nce4 14. Bb2 Qb6 15. Nxe4 Nxe4 16. Bxg7 Kxg7 17. Qb3 Bd7 18. Qb2+ Nf6 19. Rfe1 Kg8 20. Nd4 Ne4 21. e3 Rfc8 22. Bxe4 fxe4 23. Rec1 Kf7 24. Kg2 e5 25. dxe6+ Bxe6 26. Nxe6 Kxe6 27. Qg7 Rc6 28. Qxh7 Kf6 29. Qh4+ Kf7 30. Qf4+ Kg7 31. Qxe4 Rac8 32. Qe7+ Kh6 33. Rd1 Rd8 34. Rd4 g5 35. Qf6+ Kh7 36. Qxg5 d5 37. Rh4+ Rh6 38. Qe7+ Kg6 39. Rg4+ Kf5 40. Rg5# 1-0

[Event "Miercurea Ciuc op"]
[Site "Miercurea Ciuc"]
[Date "1998.??.??"]
[Round "7"]
[White "Bartha, Andrei"]
[Black "Ciortan, Mihail"]
[Result "1-0"]
[WhiteElo "2185"]
[BlackElo "2145"]
[PlyCount "57"]
[EventDate "1998.08.??"]
[EventType "swiss"]
[EventRounds "9"]
[EventCountry "ROU"]
[SourceTitle "EXT 2000"]
[Source "ChessBase"]
[SourceDate "1999.11.16"]
[SourceVersion "1"]
[SourceVersionDate "1999.11.16"]
[SourceQuality "1"]

1. e4 e5 2. Nf3 d6 3. d4 Nd7 4. Bc4 c6 5. 0-0 Be7 6. Bb3 h6 7. Nbd2 Qc7 8. Qe2 Ngf6 9. Rd1 b5 10. a4 a6 11. axb5 cxb5 12. Nf1 Bb7 13. Ng3 g6 14. Bd2 Qc6 15. Re1 Bd8 16. c4 bxc4 17. Bxc4 Be7 18. Rac1 Qb6 19. Bc3 0-0 20. dxe5 dxe5 21. Nxe5 Nxe5 22. Bxe5 Nd7 23. Bc7 Qb4 24. Qg4 Kh7 25. Qxd7 Bg5 26. Bxf7 Bxc1 27. Bd5+ Kh8 28. Be5+ Rf6 29. Bxf6# 1-0